Communal Riots in India (meet the Challenge Unitedly) (Record no. 8026)

MARC details
000 -LEADER
fixed length control field 00605nam a2200241 a 4500
020 ## - INTERNATIONAL STANDARD BOOK NUMBER
ISBN 8170245
082 00 - DEWEY DECIMAL CLASSIFICATION NUMBER
Classification number 303.623
Author Cutter GHO
100 ## - MAIN ENTRY--AUTHOR NAME
Author name Ghosh, S K
245 ## - TITLE STATEMENT
Title Communal Riots in India (meet the Challenge Unitedly)
260 ## - PUBLICATION, DISTRIBUTION, ETC. (IMPRINT)
Place of publication Delhi
Name of publisher Ashish Publishing House
Year of publication 1987
300 ## - PHYSICAL DESCRIPTION
Number of Pages 230p
500 ## - GENERAL NOTE
General note includes index and biblioraphy
505 2# - FORMATTED CONTENTS NOTE
Formatted contents note Index
650 ## - SUBJECT ADDED ENTRY--TOPICAL TERM
Topical Term Riots-India
942 ## - ADDED ENTRY ELEMENTS (KOHA)
Koha item type Books
700 1# -
-- Ghosh, S K
Holdings
Collection code Home library Current library Date acquired Cost, normal purchase price Full call number Accession Number Koha item type
  Henry Martyn Institute Library Henry Martyn Institute Library 08/24/2010 150.00 303.623 GHO 012681 Books
                   Copyright © 2026 | Henry Martyn Institute | Hyderabad | TS-500052 | INDIA | Implemented by hmi.edu.in
Hit-Count:

Powered by Koha